Yleistieto #71 - Statistics

Yleistilastot
  • Tätä visaa on pelattu 420 kertaa
  • Keskiarvotulos 6 / 14
Vastaustilastot
Vinkki Vastaus % Oikein
Missä kaupungissa on Ruissalo? Turussa
95%
Kuka on Saksan liittokansleri, (2018)? Angela Merkel
84%
Mikä on Kenian pääkaupunki? Nairobi
66%
Kuka juonsi 'Kymppitonni' -ohjelmaa on-off 1985-2016? Riitta Väisänen
61%
Missä kaupungissa oli Suomen Puolustusvoimien pääesikunta 1939-1945 ? Mikkelissä
51%
Minkä yhtyeen biisi on "Smoke on the Water"? Deep Purplen
46%
Mikä oli Liettuan rahayksikkö ennen euroa? Liti
42%
Kuka on suunnitellut Helsingin Tuomiokirkon? Carl Ludvig Engel
38%
Mikä on Madagaskarin suurin kaupunki? Antananarivo
28%
Kuka voitti parhaan miespääosa Oscarin elokuvasta "Kuin raivo härkä"? Robert De Niro
28%
Minkä maan pitkäaikainen johtaja oli Ferdinand Marcos? Filippiinien
25%
Kenen levy on "Kultaniityt"? Tapani Kansan
25%
Missä kaupungissa on Ruotsin vanhin yliopisto? Lundissa
15%
Kuka on maalannut teokset "Luxemburgin puistossa" ja ""Kuningatar Blanca "? Albert Edelfelt
14%
Ehtoja vastaavia visoja ei löytynyt
Tulosjakauma
Jokaisen tuloksen saaneiden osuus
Persentiili vastausten määrän mukaan
Tuloshistoriasi
Et ole pelannut tätä visaa